FGO Trivia - Statistics

General Stats
  • This quiz has been taken 3 times
  • The average score is 11 of 25
Answer Stats
Hint Answer % Correct
When U-Olga Marie battled the Seven Grand Servants in her dream, who was the Grand Saber Artoria Caster
100%
Who is the most used Servant in the game? Artoria Caster
100%
What was Lady Avalon's class in the arcade version Caster
100%
Who is the only Servant whose 3rd ascension is "event" locked in the English server so far. Draco
100%
Name any Servant whose physical age changes with ascension. Nagakura Shinpachi/Tiamat/Summer Tiamat/Draco/Ibuki Doji/Super Bunyan/Kama/Summer Kama/Zhuge Liang/Ptolemaios/Louhi/Lilith/Metatron Jeanne/Marie Antoinette Alter
100%
Name one of the Valkyries Thrud, Rindr, Hildr, Olrun, Ortlinde, Irs
100%
How many years later was the above summonable (rounded down) 6
67%
The only Servant with the "Core of the Goddess" passive skill that is under 4 stars Euryale
67%
Whose summer variant was teased for the longest time? (I accept top 2 answers) Okita Souji/Passionlip
67%
The only bronze (1-2 star) Servant to be fought as the final battle of any main story chapter Sasaki Kojirou
67%
Who was Rama replaced with in the arcade version Sita
67%
Name of the first Beast enemy Tiamat
67%
Was was Draco's class in the arcade version Alter Ego
33%
Name the first enemy in the main story with the "Servant" Attribute Medusa
33%
Name all singulartities in order from F to Solomon where Elizabeth Bathory appears. Orleans, Septem, E Pluribus Unum, Solomon
33%
Name of the first "Divine Advent True Mechanical" enemy Poseidon
33%
What is Passionlip's weight according to her profile 1 ton
0%
What is Kingprotea's smallest possible height according to her profile 5 meters
0%
The only Servant that can't be leveled up past 2nd ascension due to story lock in the English server so far. Durga
0%
The first playable Beast (Does not have to be Beast Class when summonable) Ereskigal
0%
Who was voted, and still is today, the strongest Berserker in the game Ibuki Doji
0%
In what singularity is the only time the Master of Chaldea drinks while underage? Okeanos
0%
What is the one thing BB says she can't do? (Hint: mentioned in a valentine's scene) Shrink Kingprotea
0%
Who does Passionlip see as a mentor? Tamamo Cat
0%
What is the only enemy that cannot be targeted without using the target focus buff? Zeus's Wings (Zeus-Uranus and Zeus-Gaia)
0%
No matching quizzes found
Score Distribution
Percent of People with Each Score
Percentile by Number Answered
Your Score History
You have not taken this quiz